000 00351nam a2200145Ia 4500
008 210716s2018 xx 000 0 und d
020 _a9788126568123
041 _aeng
082 _a153.94 GREV
245 _aGRE verbal grail 2018.
250 _a1
260 _aNew Delhi
_bWiley India Pvt Ltd
_c2018
300 _aix,362
650 _aAptitude Test
999 _c197069
_d197069